A textbook of medieval Indian history / (Record no. 84503)

MARC details
000 -LEADER
fixed length control field 00626nam a22001937a 4500
005 - DATE AND TIME OF LATEST TRANSACTION
control field 20140728120148.0
010 ## - LCCN (DPL NO)
LC control number ENG-110075
020 ## - INTERNATIONAL STANDARD BOOK NUMBER
International Standard Book Number 9789380607344
Terms of availability 275.00
035 ## - SYSTEM CONTROL NUMBER
System control number EN-93608
037 ## - SOURCE OF ACQUISITION
Source of stock number/acquisition DBAD/PUB
082 ## - DEWEY DECIMAL CLASSIFICATION NUMBER
Classification number 954.02
100 ## - MAIN ENTRY--PERSONAL NAME
Personal name Sen, Sailendra Nath
245 ## - TITLE STATEMENT
Title A textbook of medieval Indian history /
Statement of responsibility, etc by Sailendra Nath Sen
260 ## - PUBLICATION, DISTRIBUTION, ETC. (IMPRINT)
Place of publication, distribution, etc Delhi
Name of publisher, distributor, etc Primus Books
Date of publication, distribution, etc 2013
270 ## - ADDRESS
Address Virat Bhavan, Mukherjee Nagar Commercial Complex
City Delhi
Postal code 110009
300 ## - PHYSICAL DESCRIPTION
Extent viii,278p. :
Dimensions 22cm(pbk)
Other physical details ill.
500 ## - GENERAL NOTE
General note Includes bibliographical references and index
942 ## - ADDED ENTRY ELEMENTS (KOHA)
Source of classification or shelving scheme Dewey Decimal Classification
Item type English Books
Call number suffix SEN
Classification part 954.02
Holdings
Withdrawn status Lost status Not for loan Collection code Home library Current library Date acquired Source of acquisition Cost, normal purchase price Full call number Barcode Copy number Cost, replacement price Koha item type
    Not For Loan Non-fiction D.B.Act.Division D.B.Act.Division 23/05/2014 DBAD/PUB 275.00 954.02 SEN EN-93608 1 275.00 English Books

© Delhi Public Library
Hit Counter
free hit counter